| 000 | 00625nam a2200205 a 4500 | ||
|---|---|---|---|
| 005 | 20210223120904.0 | ||
| 008 | 991125s1978 mx 000 0 spa u | ||
| 035 | _aUPN01000008721 | ||
| 049 | _aCG | ||
| 050 | 4 | _aQA76.15 R5.3 | |
| 100 | 1 |
_aRivera P., Eduardo _942828 |
|
| 245 | 1 | 0 |
_aComentarios sobre el modelo mundial Mesarovic-Pestel / _cpor Eduardo Rivera P |
| 260 |
_aMéxico : _bFundación J. Barros Sierra, _c1978 |
||
| 300 | _a4 p | ||
| 440 | 0 |
_aCuaderno prospectivo; _v15a |
|
| 500 | _aDatos tomados de la cubierta | ||
| 650 | 4 |
_aPROCESAMIENTO ELECTRONICO DE DATOS _96577 |
|
| 904 |
_aAC _b008721 |
||
| 905 | _aLibro | ||
| 999 |
_c8721 _d8721 |
||